[Event "Arco op 38th"]
[Site "Arco"]
[Date "2016.10.12"]
[Round "5"]
[White "Salati, Paolo"]
[Black "Anrather, Eva"]
[Result "1-0"]
[WhiteElo "1735"]
[BlackElo "1633"]
[PlyCount "75"]
[EventDate "2016.10.08"]
[EventType "swiss"]
[EventRounds "9"]
[EventCountry "ITA"]
[SourceTitle "EXT 2017"]
[Source "ChessBase"]
[SourceDate "2016.10.25"]
[SourceVersion "1"]
[SourceVersionDate "2016.10.25"]
[SourceQuality "1"]

1. e4 e5 2. Nf3 Nf6 3. Nxe5 d6 4. Nf3 Nxe4 5. d4 Be7 6. Bd3 Nf6 7. 0-0 h6 8. Nc3 0-0 9. Re1 Bg4 10. h3 Bh5 11. Ne4 Nxe4 12. Bxe4 d5 13. Bd3 Bf6 14. c3 Nd7 15. Bf5 Nb6 16. b3 a5 17. Bc2 c5 18. Qd3 Bg6 19. Qd2 cxd4 20. cxd4 a4 21. Ne5 Bxc2 22. Qxc2 Be7 23. Qd3 Re8 24. Qg3 Bg5 25. Bxg5 Qxg5 26. Qf3 f6 27. Nd3 axb3 28. axb3 Rxa1 29. Rxa1 Nd7 30. Ra7 Rb8 31. Nf4 Nb6 32. Ra5 Qf5 33. Rb5 Na8 34. Rxd5 Qb1+ 35. Kh2 Nc7 36. Rd7 Qc2 37. Qg3 Ne8 38. Ne6 1-0